| 000 | 00773nam a2200217 i 4500 | ||
|---|---|---|---|
| 001 | bg | ||
| 100 | 1 | _aKULIG, Jan | |
| 245 | 0 | 0 |
_aGospodarka Azji Wschodniej i Południowo-Wschodniej : _bkonkurent czy partner dla Polski / _cJan Kulig. |
| 260 |
_aWarszawa : _bIRiSS, _c1997. |
||
| 300 |
_a119 s. ; _c25 cm. |
||
| 490 | 1 |
_aRaporty / Instytut Rozwoju i Studiów Strategicznych, _x1230-2848 ; _v63 |
|
| 504 | _aBibliogr. s. 111-118. - Streszcz. | ||
| 650 | 9 |
_aKonkurencja _zAzja Wschodnia _yod 1945 r. |
|
| 651 | 9 |
_aAzja Wschodnia _xgospodarka _yod 1945 r. |
|
| 830 | 0 |
_aRaporty (Instytut Rozwoju i Studiów Strategicznych) ; _v63 |
|
| 040 | _cBPK | ||
| 041 | 0 |
_apl _bpl |
|
| 080 | _a338.22(5-011/-012)"1945/..." | ||
| 942 | _cKS | ||
| 008 | s pl f |000 0 pol | ||
| 999 |
_c32678 _d32678 |
||
| 856 |
_uhttp://koha.tu.koszalin.pl/cgi-bin/koha/opac-detail.pl?biblionumber=32678 _yKatalog online BPK |
||